A THOUGHT FOR THE DAY (Record no. 12975)
[ view plain ]
| 000 -LEADER | |
|---|---|
| fixed length control field | 00336nam a22001457a 4500 |
| 003 - CONTROL NUMBER IDENTIFIER | |
| control field | SGT |
| 082 ## - DEWEY DECIMAL CLASSIFICATION NUMBER | |
| Classification number | 362 |
| Item number | A06G |
| 100 ## - MAIN ENTRY--PERSONAL NAME | |
| Personal name | GANDHI,M.K |
| 245 ## - TITLE STATEMENT | |
| Title | A THOUGHT FOR THE DAY |
| 250 ## - EDITION STATEMENT | |
| Edition statement | 6TH |
| 260 ## - PUBLICATION, DISTRIBUTION, ETC. (IMPRINT) | |
| Place of publication, distribution, etc | NEW DELHI |
| Name of publisher, distributor, etc | MINISTRY OF INFORMATION AND BROADCASTING |
| Year of Publication | 2006 |
| 300 ## - PAGE DESCRIPTION | |
| No. of Pages | 344 |
| 650 ## - SUBJECT ADDED ENTRY--TOPICAL TERM | |
| Topical term or geographic name as entry element | MASS COMMUNICATION |
| 942 ## - ADDED ENTRY ELEMENTS (KOHA) | |
| Source of classification or shelving scheme | Dewey Decimal Classification |
| Koha item type | Books |
| Withdrawn status | Lost status | Source of classification or shelving scheme | Damaged status | Not for loan | Collection code | Home library | Current library | Shelving location | Date acquired | Vendor Name | Cost, normal purchase price | SGTU | Total Checkouts | Full call number | Accession No. (Barcode) | Date last seen | Bill Date | Koha item type |
|---|---|---|---|---|---|---|---|---|---|---|---|---|---|---|---|---|---|---|
| Dewey Decimal Classification | MASS COMMUNICATION | SGT Science & Social Sciences Library | SGT Science & Social Sciences Library | On Display | 11/08/2017 | AHUJA BOOKS PUBLISHER | 145.00 | SGTU | 362 A06G | MC250 | 11/08/2017 | 11/08/2017 | Books |